Comisión Nacional de Granos (Ley sobre Clasificación de Granos)

Salvato in:
Dettagli Bibliografici
Ente Autore: Costa Rica. Ministerio de Agricultura y Ganadería. Consejo Agropecuario Nacional
Natura: testo
Pubblicazione: San José: MAG. CAN
Tags: Aggiungi Tag
Nessun Tag, puoi essere il primo ad aggiungerne!!

MARC

LEADER 00000 a a2200000 04500
001 18958
003
040
090 |a 016500  
110 |a Costa Rica. Ministerio de Agricultura y Ganadería. Consejo Agropecuario Nacional  
245 |a Comisión Nacional de Granos (Ley sobre Clasificación de Granos)  
260 |a San José:   |b MAG. CAN  
300 |a 5 p.  
999 |c 13576  |d 13576